| 000 | 00652nam a2200205Ia 4500 | ||
|---|---|---|---|
| 003 | GCL | ||
| 008 | 140319s9999 xx 000 0 ara d | ||
| 040 |
_aGCL / _cGCL |
||
| 082 | 0 | 4 |
_a292.08 _bر د |
| 100 | 1 | _aمحمد سليم سالم (مراجع) | |
| 245 | 1 | 0 |
_aالديانة اليونانية القديمة / _cمحمد سليم سالم (مراجع) |
| 700 | 1 | _aرمزى عبده جرجس | |
| 700 | 1 | _aروز، هـ . ج | |
| 300 | _a201 | ||
| 490 |
_aالالف كتاب _v0 |
||
| 650 | 0 | 4 | _aالديانات القديمة |
| 650 | 0 | 4 | _aالحضارة اليونانية |
| 650 | 0 | 4 | _aالديانة القديمة |
| 942 |
_2ddc _cBK |
||
| 999 |
_c43857 _d43857 |
||